Riziká voľného pohybu tovarov bakalárska práca

Na minha lista:
Detalhes bibliográficos
Autor principal: Nedorostová, Zuzana
Autor Corporativo: Obchodná fakulta EU. Katedra tovaroznalectva a kvality tovaru
Outros Autores: Košútová, Tatiana, 1962-
Formato: Livro
Idioma:eslovaco
Publicado em: Bratislava 2009
Tags: Adicionar Tag
Sem tags, seja o primeiro a adicionar uma tag!

MARC

LEADER 00000nam$a2200000$$$4500
001 0142232
005 20240319125435.6
041 0 |a slo 
044 |a SK 
245 1 0 |a Riziká voľného pohybu tovarov  |b bakalárska práca  |c Zuzana Nedorostová ; školiteľ: Tatiana Košútová 
264 1 |a Bratislava  |c 2009 
300 |a 52 s. 
100 1 |a Nedorostová, Zuzana 
700 1 |a Košútová, Tatiana, 1962- 
710 2 |a Obchodná fakulta EU. Katedra tovaroznalectva a kvality tovaru